Návrh algoritmov prediktívneho riadenia s využitím nelineárnych modelov fyzikálnych systémov

Bibliographic Details
Main Authors: Jajčišin, Štefan (Author), Jadlovská, Anna, 1960- (Author)
Format: Book
Language:Slovak
PhysicalDescription:139 s. diagr., grafy, ilustr., sch., tab. 25 cm
Published: Košice Elfa 2013
ISBN:9788080862299
Subjects:

MARC

LEADER 00000cam a2200000 a 4500
001 vtls010627864
003 SK-MaSNL
005 20260302050825.0
008 240313s2013 xo da f 000 0 slo
015 |a SNBA2014/10 
020 |a 9788080862299  |q (viaz.) 
035 |a EF509FCC-588C-4491-81CF-DBCAD083E5E2 
035 |a urn:nbn:sk:snk-am3h629 
035 |a urn:nbn:sk:snk-am008l09 
040 |a SNK  |b slo  |c SNK  |e AACR2 
041 0 |a slo 
044 |a xo  |c SK 
072 7 |a 681.5  |x Automatizačná a riadiaca technika  |2 konspekt 
080 |a 517.938  |2 2001 
080 |a 681.518.25  |2 2001 
080 |a 510.5  |2 2001 
080 |a 519.86/.87  |2 2001 
080 |a 004.94  |2 2001 
080 |a (048.8)  |2 2001 
100 1 |a Jajčišin, Štefan  |4 aut  |9 705801 
245 1 0 |a Návrh algoritmov prediktívneho riadenia s využitím nelineárnych modelov fyzikálnych systémov  |c Štefan Jajčišin, Anna Jadlovská 
260 |a Košice  |b Elfa  |c 2013 
300 |a 139 s.  |b diagr., grafy, ilustr., sch., tab.  |c 25 cm 
366 |e 100 výt. 
504 |a Bibliogr.: s. 135-139 ; zoz. skrat. a symbolov 
650 0 7 |a dynamické systémy  |2 SNKPH  |9 63331 
650 0 7 |a Dynamical systems  |2 SNKPHeng  |9 277410 
650 0 7 |a prediktívne riadenie  |2 SNKPH  |9 81660 
650 0 7 |a Predictive control  |2 SNKPHeng  |9 85910 
650 0 7 |a algoritmy  |2 SNKPH  |9 3655 
650 0 7 |a Algorithms  |2 SNKPHeng  |9 320238 
650 0 7 |a modelovanie a simulácia  |2 SNKPH  |9 3666 
650 0 7 |a Modeling and simulation  |2 SNKPHeng  |9 303246 
655 7 |a monografie  |2 SNKPH  |9 70139 
655 7 |a Monographs  |2 SNKPHeng  |9 120675 
700 1 |a Jadlovská, Anna,  |d 1960-  |4 aut  |9 110449 
919 |a 978-80-8086-229-9 
958 |a NB 
999 |c 1098549  |d 1100479 
952 |a SNK  |b SNK  |y PREZ  |7 0  |p 17A1117625  |o snkSC 161242  |i snk2014/21693  |8 0  |0 0  |1 0  |4 0  |d 2014-10-14  |f 1  |l 0  |r 2025-08-25 00:00:00  |w 2026-02-24 
952 |a SNK  |b SNK  |y VYP  |7 0  |p 17A1117624  |o snkSC 161242 D1  |i snk2014/21719  |8 0  |0 0  |1 0  |4 0  |d 2014-10-14  |l 0  |r 2026-02-24 17:21:55  |w 2026-02-24